Central Library OPAC University of Rajshahi

القرى لقاصد أم القرى /;; al-Qirá li-qāṣid Umm al-Qurá / (Record no. 78949)

MARC details
000 -LEADER
fixed length control field 01283cam a2200229 4500
001 - CONTROL NUMBER
control field 78949
003 - CONTROL NUMBER IDENTIFIER
rucl marc code BD-RjUL
005 - DATE AND TIME OF LATEST TRANSACTION
control field 20211209083208.0
008 - FIXED-LENGTH DATA ELEMENTS--GENERAL INFORMATION
fixed length control field 211201s19481367ua b 000 0 arar
035 ## - SYSTEM CONTROL NUMBER
System control number (BD-RjUL)
040 ## - CATALOGING SOURCE
Original cataloging agency DLC
Transcribing agency WAU
Modifying agency BNG
-- NBiSU
-- UkOxU
Language of cataloging eng
041 ## - LANGUAGE CODE
Language code of text/sound track or separate title ara
082 ## - DEWEY DECIMAL CLASSIFICATION NUMBER
Edition number 23
Classification number 297.352
Author mark and year TAQ 1948
100 1# - MAIN ENTRY--PERSONAL NAME
Personal name طبري، مًحب الدين أحمد بن عبد الله.;; Ṭabarī, Muḥibb al-Dīn Aḥmad ibn ʿAbd Allāh,
Dates associated with a name 1218-1295.
9 (RLIN) 244137
245 13 - TITLE STATEMENT
Title القرى لقاصد أم القرى /;; al-Qirá li-qāṣid Umm al-Qurá /
Statement of responsibility, etc. تأليف أبي العباس أحمد بن عبد الله بن محمد بن أبي بكر محب الدين الطبري ثم المكي ؛ عارضه بمخطوطات مكة والقاهرة مصطفى السقا.;; taʼlīf Abī al-ʿAbbās Aḥmad ibn ʿAbd Allāh ibn Muḥammad ibn Abī Bakr Muḥibb al-Dīn al-Ṭabarī thumma al-Makkī ; ʿĀraḍahu bi-makhṭūṭāt Makkah wa-al-Qāhirah Muṣṭafá al-Saqqā.
250 ## - EDITION STATEMENT
Edition statement al-Ṭabʿah 1.
260 ## - PUBLICATION, DISTRIBUTION, ETC. (IMPRINT)
Place of publication, distribution, etc. Miṣr :مصر :
Name of publisher, distributor, etc. :Muṣṭafá al-Bābī al-Ḥalabī,
Date of publication, distribution, etc. 1948
300 ## - PHYSICAL DESCRIPTION
Pagination 680 p. ;
Size 25 cm.
504 ## - BIBLIOGRAPHY, ETC. NOTE
Bibliography, etc Includes bibliographical references.
650 #0 - SUBJECT ADDED ENTRY--TOPICAL TERM
Topical term or geographic name as entry element Muslim pilgrims and pilgrimages
Geographic subdivision Saudi Arabia
-- Mecca.
9 (RLIN) 250907
942 ## - ADDED ENTRY ELEMENTS (KOHA)
Source of classification or shelving scheme Dewey Decimal Classification
Koha item type Books
Holdings
Lost status Source of classification or shelving scheme Damaged status Not for loan Collection code Permanent Location Current Location Shelving location Date acquired Total Checkouts Full call number Date last seen Copy number Koha item type
  Dewey Decimal Classification   Not For Loan Non-fiction Central Library, University of Rajshahi Central Library, University of Rajshahi Reading Room 01/12/2021   A 297.352 TAQ 1948 01/12/2021 C-1 Books